Columbia gazetteer of the world (Record no. 6721)
[ view plain ]
| 000 -LEADER | |
|---|---|
| fixed length control field | 00439nam a2200145Ia 4500 |
| 020 ## - INTERNATIONAL STANDARD BOOK NUMBER | |
| ISBN | 9780231145541 |
| 082 ## - DEWEY DECIMAL CLASSIFICATION NUMBER | |
| Classification number | RR 910.3 COL- |
| 245 #0 - TITLE STATEMENT | |
| Title | Columbia gazetteer of the world |
| 250 ## - EDITION STATEMENT | |
| Edition statement | 2nd. |
| 260 ## - PUBLICATION, DISTRIBUTION, ETC. (IMPRINT) | |
| Place of publication | New York |
| Name of publisher | Columbia University Press |
| Year of publication | 2008 |
| 500 ## - GENERAL NOTE | |
| General note | contents: 3Vols. Vol. 1 (A-G), (xvi, 1480p.) - v.2 (H-O), (1481-2854p.) - v.3 (P-Z), (2855-4390p.) |
| 650 ## - SUBJECT ADDED ENTRY--TOPICAL TERM | |
| Topical Term | Gazetteers |
| 700 ## - ADDED ENTRY--PERSONAL NAME | |
| Personal name | Cohen, Saul B. |
| 942 ## - ADDED ENTRY ELEMENTS (KOHA) | |
| Koha item type | Books |
| Source of classification or shelving scheme | Dewey Decimal Classification |
| Withdrawn status | Lost status | Damaged status | Not for loan | Home library | Current library | Date acquired | Source of acquisition | Serial Enumeration / chronology | Bill Date | Full call number | Accession Number | Price effective from | Koha item type |
|---|---|---|---|---|---|---|---|---|---|---|---|---|---|
| NASSDOC Library | NASSDOC Library | 17/04/2009 | SSS | V.1 | 2009-03-26 | RR 910.3 COL- | 45547 | 18/04/2019 | Books | ||||
| NASSDOC Library | NASSDOC Library | 17/04/2009 | SSS | V.2 | 2009-03-26 | RR 910.3 COL- | 45548 | 18/04/2019 | Books | ||||
| NASSDOC Library | NASSDOC Library | 17/04/2009 | SSS | V.3 | 2009-03-26 | RR 910.3 COL- | 45549 | 18/04/2019 | Books |
